LEADER 01866nam0 22004093i 450 001 VAN00282612 005 20251105024729.72 017 70$2N$a9783319662602 100 $a20241106d2017 |0itac50 ba 101 $aeng 102 $aCH 105 $a|||| ||||| 181 $ai$b e 182 $ab 183 $acr 200 1 $aAntibiotics and Antibiotics Resistance Genes in Soils$eMonitoring, Toxicity, Risk Assessment and Management$fMuhammad Zaffar Hashmi, Vladimir Strezov, Ajit Varma editors 210 $aCham$cSpringer$d2017 215 $aXVIII, 419 p.$cill.$d24 cm 410 1$1001VAN00282640$12001 $aSoil Biology$1210 $aCham$cSpringer$d2004-$v51 620 $aCH$dCham$3VANL001889 676 $a571.95$cEcotossicologia$v22 676 $a664.001579$cMicrobiologia alimentare$v22 702 1$aHashmi$bMuhammad Z.$3VANV195498 702 1$aStrezov$bVladimir$3VANV195501 702 1$aVarma$bAjit$3VANV017462 712 $aSpringer $3VANV108073$4650 790 1$aHashmi, Muhammad Zaffar$zHashmi, Muhammad Z.$3VANV195499 790 1$aHashmi, M. Z.$zHashmi, Muhammad Z.$3VANV195500 790 1$aHashmi, M.Z.$zHashmi, Muhammad Z.$3VANV200940 801 $aIT$bSOL$c20251107$gRICA 856 4 $uhttps://link.springer.com/openurl?genre=book&isbn=978-3-319-66260-2$zE-book - Accesso al full-text attraverso riconoscimento IP di Ateneo, proxy e/o Shibboleth 899 $aBIBLIOTECA DEL DIPARTIMENTO DI SCIENZE E TECNOLOGIE AMBIENTALI BIOLOGICHE E FARMACEUTICHE$1IT-CE0101$2VAN17 912 $fN 912 $aVAN00282612 950 $aBIBLIOTECA DEL DIPARTIMENTO DI SCIENZE E TECNOLOGIE AMBIENTALI BIOLOGICHE E FARMACEUTICHE$d17CONS e-book 178 $e17BIB178/33 33 20241106 996 $aAntibiotics and Antibiotics Resistance Genes in Soils$92234129 997 $aUNICAMPANIA